Franchising podnikateľský koncept, značka, know-how

Saved in:
Bibliographic Details
Corporate Authors: Slovenská franchisingová asociácia, Ekonomická univerzita v Bratislave
Other Authors: Štensová, Antónia
Format: Book
Language:Slovak
Published: Bratislava ERA, o.z 2006
Subjects:
Tags: Add Tag
No Tags, Be the first to tag this record!

MARC

LEADER 00000nam$a2200000$$$4500
001 0053887
005 20240502071625.7
020 |a 80-969604-4-X 
041 0 |a slo 
044 |a SK 
245 1 0 |a Franchising  |b podnikateľský koncept, značka, know-how  |c zostavila Antónia Štensová 
264 1 |a Bratislava  |b ERA, o.z  |c 2006 
300 |a 29 s 
610 2 0 |a franchising 
610 2 0 |a podnikanie 
610 2 0 |a značky výrobné 
610 2 0 |a know-how 
610 2 0 |a právo vlastnícke 
700 1 |a Štensová, Antónia 
710 2 |a Slovenská franchisingová asociácia 
710 2 |a Ekonomická univerzita v Bratislave